Normal view
MARC view
- EUROPE SCIENTISTS BIOGRAPHIES COLLECTION
Entry Topical Term
001 - CONTROL NUMBER
- control field: 67079
003 - CONTROL NUMBER IDENTIFIER
- control field: NUST
005 - DATE AND TIME OF LATEST TRANSACTION
- control field: 20210628203731.0
008 - FIXED-LENGTH DATA ELEMENTS
- fixed length control field: 210628|| aca||aabn | a|a d
040 ## - CATALOGING SOURCE
- Original cataloging agency: NUST
- Transcribing agency: NUST
150 ## - HEADING--TOPICAL TERM
- Topical term or geographic name entry element: EUROPE SCIENTISTS BIOGRAPHIES COLLECTION
670 ## - SOURCE DATA FOUND
- Source citation: Work cat.: (NUST): WHO'S WHO IN SCIENCE IN EUROPE, A BIOLOGRAPHICAL GUIDE IN SCIENCE TECHNOLOGY AGRICULTURE AND MEDICINE, 1989
